[Event "Int. Stuttgarter Stadtmeisterschaft B"]
[Site "Ditzingen"]
[Date "2019.05.30"]
[Round "2.4"]
[White "Abel, Manfred"]
[Black "Schreiber, Stephan"]
[Result "1-0"]
[WhiteElo "1856"]
[BlackElo "1699"]
[PlyCount "66"]
[EventDate "2019.??.??"]
[WhiteTeam "SK Bietigheim-Bissingen"]
[BlackTeam "SC Schachmatt Botnang"]

1. e4 c5 2. Nf3 d6 3. d4 cxd4 4. Nxd4 Nf6 5. Nc3 a6 6. Be2 e6 7. Be3 Be7 8. f4
O-O 9. Bf3 Qc7 10. Qd2 Nc6 11. O-O-O Nxd4 12. Bxd4 e5 13. Be3 b5 14. Kb1 Bb7
15. g4 b4 16. Nd5 Bxd5 17. exd5 e4 18. Be2 Rfc8 19. Rc1 Qb7 20. Rhd1 Nd7 21. g5
Nc5 22. Bg4 Rc7 23. Bxc5 Rxc5 24. Bf5 f6 25. h4 a5 26. Qg2 Rc4 27. Bxe4 g6 28.
f5 a4 29. fxg6 hxg6 30. Bxg6 fxg5 31. Qf1 Rf4 32. Qe2 Bf6 33. hxg5 Be5 {...(38.
)} 1-0

[Event "Int. Stuttgarter Stadtmeisterschaft B"]
[Site "Ditzingen"]
[Date "2019.05.30"]
[Round "2.5"]
[White "Schulz, Uwe"]
[Black "Schulz, Jens Peter"]
[Result "1/2-1/2"]
[WhiteElo "1696"]
[BlackElo "1846"]
[PlyCount "61"]
[EventDate "2019.??.??"]
[WhiteTeam "SF Heubach"]
[BlackTeam "SV Dicker Turm Esslingen"]

1. e4 e6 2. d4 d5 3. Nc3 Bb4 4. a3 Bxc3+ 5. bxc3 dxe4 6. Qg4 Nf6 7. Qxg7 Rg8 8.
Qh6 Rg6 9. Qe3 c5 10. dxc5 Nc6 11. Ne2 Bd7 12. Ng3 Qa5 13. Bd2 O-O-O 14. c4 Qc7
15. Bc3 Ng4 16. Qxe4 f5 17. Qe2 e5 18. O-O-O Nd4 19. Qe1 Ra6 20. Bb4 Ba4 21.
Rd2 e4 22. Ne2 Nxc2 23. Rxc2 Bxc2 24. Kxc2 e3 25. fxe3 Nxe3+ 26. Kb3 b5 27. Nc3
bxc4+ 28. Bxc4 Nxc4 29. Kxc4 Qf7+ 30. Kb5 Qb7+ 31. Kc4 1/2-1/2

[Event "Int. Stuttgarter Stadtmeisterschaft B"]
[Site "Ditzingen"]
[Date "2019.05.30"]
[Round "2.6"]
[White "Grünert, Thomas"]
[Black "Tönjes, Jürgen"]
[Result "1-0"]
[WhiteElo "1692"]
[BlackElo "1839"]
[PlyCount "59"]
[EventDate "2019.??.??"]
[WhiteTeam "SF Illingen"]
[BlackTeam "SF Lilienthal von 1971"]

1. d4 d5 2. Nf3 c6 3. e3 Nf6 4. c4 Bf5 5. Nc3 e6 6. Qb3 Qb6 7. c5 Qxb3 8. axb3
Nbd7 9. b4 Be7 10. b5 O-O 11. b4 Ne4 12. Bb2 Nxc3 13. Bxc3 Bf6 14. Be2 Rfe8 15.
O-O e5 16. Ra2 exd4 17. Bxd4 cxb5 18. Bxb5 a6 19. Rfa1 Rad8 20. Bxf6 gxf6 21.
Bf1 Ne5 22. Nd4 Bd7 23. b5 axb5 24. Bxb5 Bxb5 25. Nxb5 Re7 26. Nd6 Rc7 27. h3
Nd3 28. Ra8 Rxa8 29. Rxa8+ Kg7 30. Ne8+ 1-0

[Event "Int. Stuttgarter Stadtmeisterschaft B"]
[Site "Ditzingen"]
[Date "2019.05.30"]
[Round "2.7"]
[White "Kaufhold, Stephan"]
[Black "Alkabetz, Michael"]
[Result "1-0"]
[WhiteElo "1827"]
[BlackElo "1684"]
[PlyCount "75"]
[EventDate "2019.??.??"]
[WhiteTeam "SC Böblingen 1975 e.V."]
[BlackTeam "Stuttgarter SF 1879"]

1. Nf3 Nf6 2. g3 d5 3. Bg2 c6 4. O-O Nbd7 5. d4 e6 6. c3 Bd6 7. Bf4 Qc7 8. Bxd6
Qxd6 9. Nbd2 O-O 10. Qc2 e5 11. e4 exd4 12. Nxd4 dxe4 13. Nxe4 Nxe4 14. Bxe4
Nf6 15. Bg2 Bg4 16. Nf5 Qc5 17. Ne3 Bh5 18. h3 Rfe8 19. Rfe1 Bg6 20. Qb3 Rad8
21. Rad1 Be4 22. Rxd8 Rxd8 23. Qxb7 Rd2 24. Qc8+ Qf8 25. Qxf8+ Kxf8 26. Nc4
Bxg2 27. Nxd2 Bxh3 28. Ne4 Nxe4 29. Rxe4 a6 30. Rb4 c5 31. Rb6 Be6 32. Rxa6 c4
33. Ra7 Ke8 34. a4 h5 35. a5 Kd8 36. Rb7 Kc8 37. a6 Bd5 38. Rb5 1-0

[Event "Int. Stuttgarter Stadtmeisterschaft B"]
[Site "Ditzingen"]
[Date "2019.05.30"]
[Round "2.8"]
[White "Maier, Lukas"]
[Black "Schnepel, Thomas"]
[Result "1/2-1/2"]
[WhiteElo "1683"]
[BlackElo "1811"]
[PlyCount "52"]
[EventDate "2019.??.??"]
[WhiteTeam "SV Backnang"]
[BlackTeam "SC Pforzheim 1906"]

1. d4 Nf6 2. c4 e6 3. Nc3 c5 4. d5 exd5 5. cxd5 d6 6. e4 g6 7. Bg5 Bg7 8. Nf3
a6 9. a4 h6 10. Bh4 g5 11. Bg3 Nh5 12. Bd3 Bg4 13. Qd2 Nxg3 14. hxg3 Nd7 15.
O-O Bxf3 16. gxf3 Ne5 17. Kg2 Qf6 18. Be2 Ng6 19. Rh1 h5 20. Nd1 h4 21. Ne3 Ne5
22. Nf5 Kd7 23. f4 gxf4 24. Qxf4 Rag8 25. Qe3 Ng6 26. Rab1 hxg3 1/2-1/2

[Event "Int. Stuttgarter Stadtmeisterschaft B"]
[Site "Ditzingen"]
[Date "2019.05.30"]
[Round "2.9"]
[White "Shahisavandi, Abdollah"]
[Black "Köller, Bernd"]
[Result "1-0"]
[WhiteElo "1800"]
[BlackElo "1673"]
[PlyCount "129"]
[EventDate "2019.??.??"]
[WhiteTeam "Karlsruher SF 1853"]
[BlackTeam "SK Bebenhausen 1992"]

1. e4 c5 2. Nc3 g6 3. g3 Bg7 4. Bg2 Nc6 5. d3 d6 6. f4 Rb8 7. Nf3 b5 8. O-O Bd7
9. Rb1 h5 10. h4 Qc8 11. Kh2 Nh6 12. Ne2 Ng4+ 13. Kg1 O-O 14. c3 b4 15. Bd2 Qa6
16. Qc2 e5 17. c4 Qb6 18. b3 a5 19. Nh2 Qc7 20. Qc1 Ra8 21. Qc2 Ne7 22. f5 f6
23. Nxg4 hxg4 24. fxg6 Nxg6 25. Rf2 Bc6 26. Rbf1 Kf7 27. Qc1 Ke6 28. Bh6 Ra7
29. h5 Nh8 30. Be3 Rf7 31. Qd1 Ke7 32. Qd2 Qd8 33. h6 Bf8 34. Rxf6 Ke8 35. Bg5
Be7 36. Re6 Kd7 37. Rxf7 Kxe6 38. Bxe7 Rxe7 39. Qg5 Kd7 40. Qf5+ Kc7 41. Rf8
Re8 42. Rxe8 Bxe8 43. Qxg4 Bg6 44. Bh3 Qe8 45. Kg2 Kb6 46. Ng1 a4 47. Nf3 axb3
48. axb3 Bh5 49. Qf5 Ng6 50. Qf6 Kc6 51. h7 Qa8 52. Nxe5+ Nxe5 53. h8=Q Qa2+
54. Qf2 Bf3+ 55. Kg1 Qa1+ 56. Bf1 Bg4 57. Qe8+ Bd7 58. Qg8 Ng4 59. Qd5+ Kc7 60.
Qf4 Ne5 61. d4 cxd4 62. c5 d3 63. Qxd6+ Kb7 64. Qfxe5 Bh3 65. Qxa1 1-0

[Event "Int. Stuttgarter Stadtmeisterschaft B"]
[Site "Ditzingen"]
[Date "2019.05.30"]
[Round "2.10"]
[White "Volk, Oskar"]
[Black "Schömbs, Oliver"]
[Result "0-1"]
[WhiteElo "1675"]
[BlackElo "1786"]
[PlyCount "72"]
[EventDate "2019.??.??"]
[WhiteTeam "SC Grunbach"]
[BlackTeam "SC Ingersheim e.V."]

1. e4 d5 2. exd5 Qxd5 3. Nc3 Qd6 4. d4 Nf6 5. Bc4 Bg4 6. f3 Bh5 7. Nge2 Nbd7 8.
Bf4 e5 9. Bg3 O-O-O 10. Qd2 Qb4 11. Bd3 exd4 12. Nb5 Qxd2+ 13. Kxd2 Bb4+ 14.
Kc1 Nd5 15. Nxa7+ Kb8 16. Nb5 Nc5 17. Bc4 Ba5 18. Bxd5 Rxd5 19. b4 Ne6 20.
Nexd4 Nxd4 21. Nxd4 Bxb4 22. Nb3 Ba3+ 23. Kb1 Rhd8 24. Bf4 Rd1+ 25. Rxd1 Rxd1+
26. Nc1 h6 27. g4 g5 28. Be3 Bg6 29. f4 gxf4 30. Bxf4 Rf1 31. Bxh6 Rf2 32. Nd3
Rf6 33. Be3 Kc8 34. Nf4 Kd7 35. h4 Rd6 36. Nd3 Rxd3 0-1

[Event "Int. Stuttgarter Stadtmeisterschaft B"]
[Site "Ditzingen"]
[Date "2019.05.30"]
[Round "2.11"]
[White "Rüger, Alexander"]
[Black "Feustel, Andreas"]
[Result "1-0"]
[WhiteElo "1782"]
[BlackElo "1672"]
[PlyCount "51"]
[EventDate "2019.??.??"]
[WhiteTeam "SF Pfullingen"]
[BlackTeam "SV Reutlingen"]

1. d4 Nf6 2. e3 e6 3. Bd3 d5 4. Nd2 c5 5. c3 Nc6 6. f4 cxd4 7. exd4 Bd6 8. Ndf3
h5 9. Ne5 Ne4 10. Ngf3 f5 11. Qe2 Bxe5 12. fxe5 O-O 13. Be3 Bd7 14. O-O-O Rc8
15. Kb1 g6 16. Bh6 Rf7 17. Bxe4 fxe4 18. Ng5 Rf5 19. h4 Qe7 20. g4 hxg4 21.
Qxg4 Be8 22. Rdg1 Rc7 23. h5 gxh5 24. Rxh5 Bxh5 25. Qxh5 Nd8 26. Nf7+ 1-0

[Event "Int. Stuttgarter Stadtmeisterschaft B"]
[Site "Ditzingen"]
[Date "2019.05.30"]
[Round "2.12"]
[White "Kaplunov, Vadym"]
[Black "Müller, Klaus"]
[Result "1/2-1/2"]
[WhiteElo "1773"]
[BlackElo "1654"]
[PlyCount "56"]
[EventDate "2019.??.??"]
[WhiteTeam "Stuttgarter SF 1879"]
[BlackTeam "SV Marbach"]

1. d4 Nf6 2. c4 e5 3. d5 Bb4+ 4. Bd2 a5 5. Nc3 d6 6. g3 Na6 7. Bg2 Nc5 8. Qc2
Bd7 9. e4 Bxc3 10. Bxc3 b5 11. b4 axb4 12. Bxb4 Ra4 13. a3 Na6 14. Rb1 Nxb4 15.
axb4 bxc4 16. Ne2 O-O 17. Qxc4 Qb8 18. Nc3 Ra3 19. O-O Qb6 20. Ra1 Rxa1 21.
Rxa1 Rb8 22. b5 h5 23. h3 g6 24. Ra2 Bxb5 25. Nxb5 Qxb5 26. Qxc7 Qb6 27. Rc2
Qxc7 28. Rxc7 Kf8 1/2-1/2

[Event "Int. Stuttgarter Stadtmeisterschaft B"]
[Site "Ditzingen"]
[Date "2019.05.30"]
[Round "2.13"]
[White "Aubel, Stefan"]
[Black "Dallinger, Moritz"]
[Result "1-0"]
[WhiteElo "1672"]
[BlackElo "1757"]
[PlyCount "67"]
[EventDate "2019.??.??"]
[WhiteTeam "SSV Zuffenhausen"]
[BlackTeam "SV Stuttgart-Wolfbusch 1956 e.V."]

1. d4 Nf6 2. c4 e6 3. Nc3 Bb4 4. a3 Bxc3+ 5. bxc3 O-O 6. Nf3 d6 7. g3 Nbd7 8.
Bg2 b6 9. Ne5 Nxe5 10. Bxa8 Nxc4 11. Bg2 Nd5 12. O-O Qf6 13. Qc2 c5 14. e4 Ne7
15. Qa4 Na5 16. Re1 Qg6 17. Bf4 Nec6 18. Bxd6 Rd8 19. dxc5 Ba6 20. Rad1 Bc4 21.
Rd2 Bb3 22. Qb5 Bc4 23. Qb2 Nb3 24. Rdd1 bxc5 25. e5 Nca5 26. Bxc5 Bd5 27. Bb4
h6 28. Bxa5 Nxa5 29. Qb5 Nc4 30. Bxd5 Rxd5 31. Rxd5 exd5 32. Qxd5 Nxa3 33. Qb3
Nc2 34. Rc1 1-0

[Event "Int. Stuttgarter Stadtmeisterschaft B"]
[Site "Ditzingen"]
[Date "2019.05.30"]
[Round "2.14"]
[White "Engelhardt, Frank"]
[Black "Machaczek, Werner"]
[Result "0-1"]
[WhiteElo "1750"]
[BlackElo "1649"]
[PlyCount "78"]
[EventDate "2019.??.??"]
[WhiteTeam "SC Schachmatt Botnang"]
[BlackTeam "SC Tamm 74"]

1. Nf3 d5 2. g3 Nc6 3. d4 Bg4 4. Bg2 e6 5. Nbd2 Nf6 6. O-O Bb4 7. c3 Ba5 8. h3
Bh5 9. g4 Bg6 10. Qa4 Nd7 11. b4 Bb6 12. Re1 a5 13. b5 Ne7 14. Ba3 Rc8 15. e4
c6 16. c4 O-O 17. exd5 cxd5 18. cxd5 Bc2 19. Nb3 Nxd5 20. Bb2 Nc3 21. Bxc3 Rxc3
22. Re3 Qc7 23. Qa3 Rxe3 24. fxe3 Qc3 25. Re1 e5 26. Qe7 e4 27. Nfd2 Bxb3 28.
Re2 Be6 29. Bxe4 Qc7 30. Qh4 f5 31. gxf5 Bxf5 32. Bd5+ Kh8 33. Rg2 Qc1+ 34. Nf1
Bd3 35. Rf2 Rxf2 36. Qxf2 Bxf1 37. Qf7 Bxb5+ 38. Kg2 Qc8 39. Bxb7 Bc6+ 0-1

[Event "Int. Stuttgarter Stadtmeisterschaft B"]
[Site "Ditzingen"]
[Date "2019.05.30"]
[Round "2.15"]
[White "Fechner, Andreas"]
[Black "Reichardt, Bernd"]
[Result "1-0"]
[WhiteElo "1661"]
[BlackElo "1750"]
[PlyCount "95"]
[EventDate "2019.??.??"]
[WhiteTeam "SC Magstadt"]
[BlackTeam "SF Markgräflerland e."]

1. d4 Nf6 2. c4 e6 3. Nf3 b6 4. Nc3 Bb7 5. e3 Bb4 6. Bd2 O-O 7. Bd3 c5 8. dxc5
Bxc5 9. Qc2 Nc6 10. a3 Re8 11. Ne4 Nxe4 12. Bxe4 f5 13. Bd3 Rc8 14. Bc3 Bf8 15.
O-O d5 16. cxd5 Qxd5 17. Rfd1 Qc5 18. Rac1 Qe7 19. Qb3 Kh8 20. e4 Na5 21. Bxa5
fxe4 22. Bb4 Qf6 23. Bb5 Rxc1 24. Rxc1 Bd5 25. Qc3 Rd8 26. Qxf6 gxf6 27. Bxf8
Rxf8 28. Nd2 Rg8 29. Nf1 h5 30. Ne3 Bb3 31. Bc4 Rc8 32. Rc3 Bxc4 33. Rxc4 Rxc4
34. Nxc4 Kg7 35. Nd6 f5 36. Nc8 a6 37. Nxb6 Kf6 38. Kf1 Ke5 39. Ke2 Kd4 40. g3
Kc5 41. Na4+ Kc4 42. Kd2 e5 43. Nc3 Kd4 44. b3 Kc5 45. Ke3 Kd6 46. Nxe4+ fxe4
47. Kxe4 Ke6 48. b4 1-0

[Event "Int. Stuttgarter Stadtmeisterschaft B"]
[Site "Ditzingen"]
[Date "2019.05.30"]
[Round "2.16"]
[White "Wübbens, Carsten"]
[Black "Rashba, David"]
[Result "1/2-1/2"]
[WhiteElo "1655"]
[BlackElo "1738"]
[PlyCount "44"]
[EventDate "2019.??.??"]
[WhiteTeam "SF Freiberg"]
[BlackTeam "SC Sillenbuch"]

1. d4 d5 2. c4 c6 3. Bf4 Nf6 4. e3 g6 5. Nc3 Bg7 6. Nf3 O-O 7. Rc1 Re8 8. cxd5
Nxd5 9. Nxd5 cxd5 10. Bc7 Qd7 11. Ne5 Qe6 12. Bb5 Nd7 13. Qa4 Nxe5 14. Bxe5 Rd8
15. Bc7 Rf8 16. O-O Qe4 17. Qc2 Qe6 18. Qd2 Bd7 19. Bxd7 Qxd7 20. Rc2 Rfc8 21.
Rfc1 e6 22. Bg3 Rc6 1/2-1/2

[Event "Int. Stuttgarter Stadtmeisterschaft B"]
[Site "Ditzingen"]
[Date "2019.05.30"]
[Round "2.17"]
[White "Knolmayer, Volker"]
[Black "Jäger, Hans-Ulrich"]
[Result "0-1"]
[WhiteElo "1634"]
[BlackElo "1729"]
[PlyCount "138"]
[EventDate "2019.??.??"]
[WhiteTeam "SF 90 Spraitbach e.V."]
[BlackTeam "SC Sillenbuch"]

1. e4 e5 2. Nf3 Nc6 3. Bc4 Nf6 4. Ng5 d5 5. exd5 Nd4 6. c3 b5 7. Be2 Nxe2 8.
Qxe2 Qxd5 9. O-O h6 10. Nf3 Bd6 11. d3 Bg4 12. Nbd2 Bf5 13. d4 e4 14. c4 bxc4
15. Nxc4 Be7 16. Nfe5 O-O 17. Be3 Nh7 18. Nd2 Rad8 19. b3 c5 20. Nec4 cxd4 21.
Bf4 d3 22. Qe3 g5 23. Qg3 Bg6 24. Be3 Bf6 25. Rab1 Bd4 26. h4 Bh5 27. hxg5 Nxg5
28. Qh4 Kh7 29. Kh1 Bg6 30. Rfe1 Kg7 31. Qg3 Rd7 32. Kg1 Bxe3 33. fxe3 f5 34.
Qf4 Qc5 35. Rec1 Ne6 36. Qe5+ Qxe5 37. Nxe5 Rd5 38. Nxg6 Kxg6 39. Rc6 Rf6 40.
Rbc1 a5 41. g3 Kg5 42. Kf2 h5 43. Ra6 Ng7 44. Ra7 Ne6 45. Rc6 Nf8 46. Rc8 Nd7
47. Rg8+ Rg6 48. Rd8 Nf6 49. Rxd5 Nxd5 50. Rxa5 Nf6 51. Kg2 Kg4 52. Ra6 h4 53.
gxh4 Kxh4+ 54. Kf1 Kg5 55. Ra5 Kg4 56. Ra6 Rh6 57. Kg2 Kh4 58. Ra8 Ng4 59. Nf1
Rc6 60. Rh8+ Kg5 61. Kg3 Rc2 62. Rg8+ Kf6 63. Rf8+ Ke6 64. Re8+ Kf7 65. Ra8 Rf2
66. Ra7+ Ke6 67. Ra6+ Kd7 68. b4 Rxf1 69. b5 d2 0-1

[Event "Int. Stuttgarter Stadtmeisterschaft B"]
[Site "Ditzingen"]
[Date "2019.05.30"]
[Round "2.18"]
[White "Follmer, Helmuth"]
[Black "Vaclahovsky, Gerhard"]
[Result "1-0"]
[WhiteElo "1728"]
[BlackElo "1594"]
[PlyCount "49"]
[EventDate "2019.??.??"]
[WhiteTeam "SC Widdern"]
[BlackTeam "SK Keres-Augsburg 1980"]

1. e4 e6 2. d4 d5 3. e5 c5 4. c3 Nc6 5. Nf3 Bd7 6. Be3 Qb6 7. Qd2 cxd4 8. cxd4
Nge7 9. Be2 Nf5 10. O-O Nxe3 11. fxe3 Be7 12. Nc3 a6 13. h3 O-O 14. Rac1 Na7
15. Nh2 f6 16. exf6 Rxf6 17. Ng4 Rxf1+ 18. Bxf1 Be8 19. Bd3 Qd8 20. Qc2 g6 21.
Qf2 Kg7 22. Ne2 Nc8 23. Nf4 Qd6 24. Qg3 Bf6 25. Nh5+ 1-0

[Event "Int. Stuttgarter Stadtmeisterschaft B"]
[Site "Ditzingen"]
[Date "2019.05.30"]
[Round "2.19"]
[White "Rautenberg, Uwe"]
[Black "Uhlarz, Jörg"]
[Result "1-0"]
[WhiteElo "1714"]
[BlackElo "1531"]
[PlyCount "93"]
[EventDate "2019.??.??"]
[WhiteTeam "SC Ingersheim e.V."]
[BlackTeam "SC Mühlacker 1923 e.V."]

1. d4 f5 2. Nc3 e6 3. Bf4 c6 4. h3 Be7 5. e3 g5 6. Be5 Bf6 7. Qh5+ Kf8 8. Bd6+
Kg7 9. Nf3 Na6 10. Ne5 Nh6 11. O-O-O b5 12. Bd3 Nc7 13. Bxc7 Qxc7 14. f4 Bxe5
15. Qxg5+ Kf8 16. fxe5 Nf7 17. Qh5 b4 18. Na4 d6 19. exd6 Nxd6 20. b3 Qf7 21.
Qh6+ Ke7 22. g4 Qg6 23. Qf4 Rb8 24. gxf5 exf5 25. Rhg1 Qf6 26. Rg2 Be6 27. Nc5
Rhg8 {(27...Rag8)} 28. Rdg1 Rxg2 29. Rxg2 Rg8 30. Rxg8 Bxg8 31. Na6 Be6 32.
Nxb4 Kd7 33. Qf3 Qg6 34. Qxc6+ Ke7 35. Qc7+ Bd7 36. Nd5+ Ke8 37. Kb2 Qe6 38. c4
Kf8 39. Qxa7 Kg7 40. Nb6 Qxe3 41. Qxd7+ Nf7 42. Bxf5 Qd2+ 43. Bc2 Kf8 44. c5
Ng5 45. Nc4 Qg2 46. Ne5 Qf2 47. Qf5+ 1-0

[Event "Int. Stuttgarter Stadtmeisterschaft B"]
[Site "Ditzingen"]
[Date "2019.05.30"]
[Round "2.20"]
[White "Gheng, Christian"]
[Black "Kalwei, Reinhard"]
[Result "1-0"]
[WhiteElo "1865"]
[BlackElo "1277"]
[PlyCount "31"]
[EventDate "2019.??.??"]
[WhiteTeam "Schach-Kids Bernhausen e.V."]
[BlackTeam "SC Aidlingen"]

1. e4 c5 2. Nf3 d6 3. d4 cxd4 4. Nxd4 Nc6 5. Nc3 a6 6. Bc4 Nf6 7. O-O g6 8.
Nxc6 bxc6 9. e5 d5 10. exf6 dxc4 11. Qf3 Bd7 12. Bg5 e6 13. Ne4 Rc8 14. Rad1
Bb4 15. c3 Ba5 16. Nd6+ 1-0

[Event "Int. Stuttgarter Stadtmeisterschaft B"]
[Site "Ditzingen"]
[Date "2019.05.31"]
[Round "3.1"]
[White "Fischer, Dietmar"]
[Black "Follmer, Helmuth"]
[Result "1/2-1/2"]
[WhiteElo "1893"]
[BlackElo "1728"]
[PlyCount "78"]
[EventDate "2019.??.??"]
[WhiteTeam "SC BÃ¶blingen 1975 e.V."]
[BlackTeam "SC Widdern"]

1. e4 e5 2. Nf3 Nc6 3. Bb5 Nf6 4. d3 d6 5. c3 a6 6. Ba4 b5 7. Bb3 Na5 8. Bc2 c5
9. O-O Nc6 10. h3 Be7 11. Re1 O-O 12. d4 cxd4 13. cxd4 exd4 14. Nxd4 Qc7 15.
Nxc6 Qxc6 16. Nc3 Bb7 17. Nd5 Nxd5 18. exd5 Qc7 19. Bh6 f5 20. Rc1 Qd7 21. Be3
Rac8 22. Qd3 g6 23. Bh6 Rf7 24. Bb3 Bf6 25. Rxc8+ Bxc8 26. Qd2 Re7 27. Re6 Rxe6
28. dxe6 Qe7 29. Qxd6 Kh8 30. Bf8 Qxd6 31. Bxd6 Kg7 32. e7 Bd7 33. Be6 Be8 34.
b3 Bc3 35. g4 Kf6 36. Bc8 a5 37. f4 fxg4 38. hxg4 Bb4 39. Be5+ Kxe7 1/2-1/2

[Event "Int. Stuttgarter Stadtmeisterschaft B"]
[Site "Ditzingen"]
[Date "2019.05.31"]
[Round "3.2"]
[White "JÃ¤ger, Hans-Ulrich"]
[Black "Jantos, Stefan"]
[Result "0-1"]
[WhiteElo "1729"]
[BlackElo "1887"]
[PlyCount "22"]
[EventDate "2019.??.??"]
[WhiteTeam "SC Sillenbuch"]
[BlackTeam "SF Oeffingen e.V."]

1. e4 d5 2. exd5 Nf6 3. d4 Bg4 4. Be2 Bxe2 5. Nxe2 Qxd5 6. O-O e6 7. Bf4 Bd6 8.
Be5 Bxe5 9. Nbc3 Bxh2+ 10. Kxh2 Qh5+ 11. Kg3 Qg4+ 0-1

[Event "Int. Stuttgarter Stadtmeisterschaft B"]
[Site "Ditzingen"]
[Date "2019.05.31"]
[Round "3.3"]
[White "Rautenberg, Uwe"]
[Black "Abel, Manfred"]
[Result "1-0"]
[WhiteElo "1714"]
[BlackElo "1856"]
[PlyCount "51"]
[EventDate "2019.??.??"]
[WhiteTeam "SC Ingersheim e.V."]
[BlackTeam "SK Bietigheim-Bissingen"]

1. d4 Nf6 2. Nc3 c5 3. Bg5 cxd4 4. Qxd4 Nc6 5. Qa4 d6 6. e3 a6 7. Nf3 Bd7 8.
Bxf6 gxf6 9. Be2 Bg7 10. O-O f5 11. Qh4 Qa5 12. Nd4 Nxd4 13. exd4 Bf6 14. Qf4
O-O-O 15. a3 e5 16. dxe5 dxe5 17. Qc4+ Bc6 18. Qxf7 Rdg8 19. g3 Rg6 20. Rfd1
Kb8 21. Rd6 Be8 22. Qb3 Ka7 23. Rad1 e4 24. Bxa6 Bc6 25. Rxc6 Rb8 26. Rd7 1-0

*

[Event "Int. Stuttgarter Stadtmeisterschaft B"]
[Site "Ditzingen"]
[Date "2019.05.31"]
[Round "3.4"]
[White "Riepert, Steffen"]
[Black "Kaufhold, Stephan"]
[Result "1/2-1/2"]
[WhiteElo "1704"]
[BlackElo "1827"]
[PlyCount "82"]
[EventDate "2019.??.??"]
[WhiteTeam "SV NÃ¼rtingen 1920"]
[BlackTeam "SC BÃ¶blingen 1975 e.V."]

1. e4 c6 2.
d4 g6 3. Nc3 Bg7 4. Be3 d6 5. Qd2 b5 6. Bd3 Nf6 7. f3 O-O 8. Bh6 a5 9. g4 e5
10. dxe5 dxe5 11. h4 Nbd7 12. Bxg7 Kxg7 13. h5 Nc5 14. hxg6 fxg6 15. Qh6+ Kg8
16. O-O-O Qe7 17. Nge2 Be6 18. Ng3 b4 19. Nce2 Rfd8 20. Qg5 Nxd3+ 21. cxd3 Bxa2
22. Nf5 Qe6 23. f4 Re8 24. Nh6+ Kg7 25. f5 Qe7 26. fxg6 Qc5+ 27. Nc3 hxg6 28.
Rdf1 Re6 29. Rxf6 Rxf6 30. Nf5+ Rxf5 31. gxf5 Bf7 32. f6+ Kf8 33. Rh8+ Bg8 34.
Qh6+ Kf7 35. Qg7+ Ke6 36. Rxg8 bxc3 37. Rxa8 Qe3+ 38. Kb1 Qxd3+ 39. Ka2 Qc4+
40. Kb1 Qd3+ 41. Ka1 Qd1+ 1/2-1/2

[Event "Int. Stuttgarter Stadtmeisterschaft B"]
[Site "Ditzingen"]
[Date "2019.05.31"]
[Round "3.5"]
[White "GrÃ¼nert, Thomas"]
[Black "Shahisavandi, Abdollah"]
[Result "1-0"]
[WhiteElo "1692"]
[BlackElo "1800"]
[PlyCount "81"]
[EventDate "2019.??.??"]
[WhiteTeam "SF Illingen"]
[BlackTeam "Karlsruher SF 1853"]

1. d4 d5 2. Nf3 Nf6 3. b4 e6 4. a3 a5 5. b5 Bd6 6. Bg5 h6 7. Bh4 Nbd7 8. e3 c5
9. c4 cxd4 10. exd4 dxc4 11. Bxc4 Qc7 12. Nbd2 Nb6 13. Be2 a4 14. O-O Qe7 15.
Qc1 Nbd5 16. Ne4 Bf4 17. Nxf6+ gxf6 18. Qb2 Qd6 19. Bc4 Rg8 20. Bxd5 Qxd5 21.
Kh1 Rg6 22. Bg3 Bxg3 23. hxg3 b6 24. Rfc1 Bb7 25. Rc7 Kf8 26. Qb4+ Kg8 27. Qe7
e5 28. Rxb7 e4 29. Nh4 Rg7 30. Rd1 e3 31. f3 e2 32. Re1 Qg5 33. Rxe2 Rf8 34.
Rxb6 Rc8 35. Rc6 Ra8 36. Rxf6 Rc8 37. Nf5 Rc1+ 38. Kh2 Qh5+ 39. Nh4 Rxg3 40.
Qe8+ Kg7 41. Rxf7+ 1-0

[Event "Int. Stuttgarter Stadtmeisterschaft B"]
[Site "Ditzingen"]
[Date "2019.05.31"]
[Round "3.6"]
[White "SchÃ¶mbs, Oliver"]
[Black "Aubel, Stefan"]
[Result "0-1"]
[WhiteElo "1786"]
[BlackElo "1672"]
[PlyCount "142"]
[EventDate "2019.??.??"]
[WhiteTeam "SC Ingersheim e.V."]
[BlackTeam "SSV Zuffenhausen"]

1. e4 c5 2. Nf3 Nc6 3. d4 cxd4 4. Nxd4 Nf6 5. Nc3 d6 6. Be2 e6 7. Be3 Be7 8.
Qd2 O-O 9. O-O-O a6 10. f4 Qc7 11. Bf3 e5 12. Nde2 b5 13. g4 Bxg4 14. Bxg4 Nxg4
15. Nd5 Qb7 16. Rdg1 f5 17. exf5 Nxe3 18. Nxe3 Nd4 19. Nxd4 exd4 20. Qxd4 Bf6
21. Qxd6 Rad8 22. Qe6+ Kh8 23. Ng4 Rfe8 24. Qb3 Bd4 25. Re1 h5 26. Qh3 Rxe1+
27. Rxe1 Qf7 28. Ne5 Qxa2 29. Ng6+ Kg8 30. Ne7+ Kf8 31. Ng6+ Kg8 32. Qb3+ Qxb3
33. cxb3 Bc5 34. Kb1 Kf7 35. Re6 a5 36. Ne5+ Kf8 37. Ra6 Bb4 38. f6 gxf6 39.
Rxf6+ Kg7 40. Rf7+ Kh6 41. h4 Rf8 42. f5 Rxf7 43. Nxf7+ Kg7 44. Ng5 Kf6 45. Kc2
Kxf5 46. Kd3 Be7 47. Nf3 Kg4 48. Ne5+ Kg3 49. Nc6 Bxh4 50. Nxa5 Bf6 51. b4 Bxb2
52. Nb3 h4 53. Nd2 h3 54. Ke2 Kg2 55. Nf3 Bc3 56. Nh4+ Kg3 57. Nf5+ Kf4 58. Ne3
h2 59. Nd5+ Ke5 60. Nxc3 h1=Q 61. Kd3 Qf3+ 62. Kc2 Qf5+ 63. Kb3 Qd3 64. Kb2 Kd4
65. Na2 Kc4 66. Ka1 Qc2 67. Nc1 Qxc1+ 68. Ka2 Qc2+ 69. Ka1 Qd2 70. Kb1 Kb3 71.
Ka1 Qb2# 0-1

[Event "Int. Stuttgarter Stadtmeisterschaft B"]
[Site "Ditzingen"]
[Date "2019.05.31"]
[Round "3.7"]
[White "Machaczek, Werner"]
[Black "RÃ¼ger, Alexander"]
[Result "1-0"]
[WhiteElo "1649"]
[BlackElo "1782"]
[PlyCount "65"]
[EventDate "2019.??.??"]
[WhiteTeam "SC Tamm 74"]
[BlackTeam "SF Pfullingen"]

1. e4 c5 2. Nf3 Nc6 3. Bb5 e6 4. Bxc6 bxc6 5. d3 d5 6. O-O Be7 7. e5 f6 8. Re1
f5 9. c3 g5 10. Nxg5 h5 11. h4 Kf8 12. Bf4 Qe8 13. Nd2 Nh6 14. Rc1 Qg6 15. Ndf3
Rg8 16. g3 Nf7 17. Nxf7 Kxf7 18. Ng5+ Kg7 19. Qa4 Bd7 20. Be3 Rgb8 21. b3 f4
22. Qxf4 Rf8 23. Qa4 Qxd3 24. Nh3 Qf5 25. Nf4 Kh7 26. Qa6 Rg8 27. Qd3 Raf8 28.
Kf1 Qxd3+ 29. Nxd3 Rxg3 30. Nxc5 Rxe3 31. Nxd7 Rxe1+ 32. Rxe1 Bxh4 33. Nxf8+
1-0

[Event "Int. Stuttgarter Stadtmeisterschaft B"]
[Site "Ditzingen"]
[Date "2019.05.31"]
[Round "3.8"]
[White "Schulz, Jens Peter"]
[Black "Fechner, Andreas"]
[Result "1-0"]
[WhiteElo "1846"]
[BlackElo "1661"]
[PlyCount "143"]
[EventDate "2019.??.??"]
[WhiteTeam "SV Dicker Turm Esslingen"]
[BlackTeam "SC Magstadt"]

1. e4 e5 2. Nc3 Nf6 3. Nf3 Nc6 4. g3 d5 5. exd5 Nxd5 6. d3 Bg4 7. Bg2 Bb4 8.
Bd2 O-O 9. h3 Be6 10. O-O Nxc3 11. Bxc3 Bxc3 12. bxc3 Qd7 13. Kh2 Rae8 14. Qb1
b6 15. Qb5 Qd5 16. Qa4 Qc5 17. Ng5 b5 18. Qe4 g6 19. Qxc6 Qxc6 20. Bxc6 Rb8 21.
Nxe6 fxe6 22. a3 Rb6 23. Bg2 a5 24. Kg1 c5 25. Rfe1 Rc8 26. Rxe5 Kf7 27. h4 Kf6
28. f4 Rc7 29. Bh3 b4 30. axb4 axb4 31. c4 Rcc6 32. Rae1 Ra6 33. Kf2 Ra2 34.
Rxe6+ Rxe6 35. Rxe6+ Kf7 36. Re2 Ra7 37. Bg2 Ra2 38. Bf3 Kf6 39. Bg4 h5 40. Bf3
Ra7 41. Bd5 Ra6 42. Bf3 Ra2 43. g4 hxg4 44. Bxg4 Ra7 45. Kg3 Ra2 46. h5 gxh5
47. Bxh5 Kf5 48. Bg4+ Kf6 49. Kf3 Ra3 50. Ke4 Ra7 51. Kd5 Ra5 52. Re6+ Kf7 53.
Rc6 Ra2 54. Kxc5 Rxc2 55. Kxb4 Rf2 56. Be6+ Ke7 57. f5 Rf3 58. Kc3 Rf1 59. Kd4
Ke8 60. Kd5 Rd1 61. d4 Ke7 62. c5 Kd8 63. Ra6 Kc7 64. Ra7+ Kb8 65. Rg7 Rf1 66.
Kc6 Rb1 67. f6 Ka8 68. f7 Rf1 69. Rg8+ Ka7 70. f8=Q Rxf8 71. Rxf8 Ka6 72. Ra8#
1-0